Eat Drink & Be Merry (Record no. 1084842)

MARC details
000 -LEADER
fixed length control field 00446nam a2200193Ia 4500
008 - FIXED-LENGTH DATA ELEMENTS--GENERAL INFORMATION
fixed length control field 151119s9999||||xx |||||||||||||| ||und||
082 ## - DEWEY DECIMAL CLASSIFICATION NUMBER
Classification number 823Ede/Eat
082 ## - DEWEY DECIMAL CLASSIFICATION NUMBER
Item number GKKV32539
100 ## - MAIN ENTRY--PERSONAL NAME
Personal name Edell Dean
245 ## - TITLE STATEMENT
Title Eat Drink & Be Merry
260 ## - PUBLICATION, DISTRIBUTION, ETC. (IMPRINT)
Place of publication, distribution, etc New York
260 ## - PUBLICATION, DISTRIBUTION, ETC. (IMPRINT)
Name of publisher, distributor, etc Quill
260 ## - PUBLICATION, DISTRIBUTION, ETC. (IMPRINT)
Date of publication, distribution, etc 2013
600 ## - SUBJECT ADDED ENTRY--PERSONAL NAME
Personal name Edell Dean
630 ## - SUBJECT ADDED ENTRY--UNIFORM TITLE
Uniform title Eat Drink & Be Merry
700 ## - ADDED ENTRY--PERSONAL NAME
Personal name Edell Dean
730 ## - ADDED ENTRY--UNIFORM TITLE
Uniform title Eat Drink & Be Merry
942 ## - ADDED ENTRY ELEMENTS (KOHA)
Koha item type Book
Holdings
Withdrawn status Lost status Damaged status Not for loan Home library Current library Date acquired Cost, normal purchase price Total Checkouts Full call number Barcode Date last seen Cost, replacement price Price effective from Koha item type
        G.K. Khandekar Vachanalaya, Mulund G.K. Khandekar Vachanalaya, Mulund 07/06/2013 0.00   GKKV32539 GKKV32539 11/19/2015 0.00 11/19/2015 Book